Central Library OPAC University of Rajshahi

Mathematical methods in theoretical economics : (Record no. 59954)

MARC details
000 -LEADER
fixed length control field 00907nam a2200265 a 4500
001 - CONTROL NUMBER
control field 59954
003 - CONTROL NUMBER IDENTIFIER
rucl marc code BD-RjUL
005 - DATE AND TIME OF LATEST TRANSACTION
control field 20211209080805.0
008 - FIXED-LENGTH DATA ELEMENTS--GENERAL INFORMATION
fixed length control field 161228s1973 enka b 001 0 eng
035 ## - SYSTEM CONTROL NUMBER
System control number (BD-RjUL) 60078
040 ## - CATALOGING SOURCE
Original cataloging agency DLC
Transcribing agency DLC
Modifying agency EQO
-- BD-RjUL
Language of cataloging eng
041 ## - LANGUAGE CODE
Language code of text/sound track or separate title eng
082 ## - DEWEY DECIMAL CLASSIFICATION NUMBER
Classification number 515.7302433
Edition number 23
Author mark and year KLM 1973
100 1# - MAIN ENTRY--PERSONAL NAME
Personal name Klein, Erwin,
Dates associated with a name 1935-
9 (RLIN) 178339
245 10 - TITLE STATEMENT
Title Mathematical methods in theoretical economics :
Remainder of title topological and vector space foundations of equilibrium analysis /
Statement of responsibility, etc. Erwin, Klein
260 ## - PUBLICATION, DISTRIBUTION, ETC. (IMPRINT)
Place of publication, distribution, etc. New York :
Name of publisher, distributor, etc. Academic Press,
Date of publication, distribution, etc. c1973
300 ## - PHYSICAL DESCRIPTION
Pagination xix, 388 p. :
Illustrations ill. ;
Size 24 cm.
490 0# - SERIES STATEMENT
Series statement Economic theory and mathematical economics
504 ## - BIBLIOGRAPHY, ETC. NOTE
Bibliography, etc Bibliography: p. 370-376.
650 #0 - SUBJECT ADDED ENTRY--TOPICAL TERM
Topical term or geographic name as entry element Vector spaces.
9 (RLIN) 178340
Topical term or geographic name as entry element Topology.
9 (RLIN) 178341
Topical term or geographic name as entry element Economics, Mathematical
9 (RLIN) 172336
856 ## - ELECTRONIC LOCATION AND ACCESS
Materials specified Economic theory and mathematical economics
942 ## - ADDED ENTRY ELEMENTS (KOHA)
Source of classification or shelving scheme Dewey Decimal Classification
Koha item type Books
Holdings
Lost status Source of classification or shelving scheme Damaged status Not for loan Collection code Permanent Location Current Location Shelving location Date acquired Source of acquisition Cost, normal purchase price Total Checkouts Full call number Date last seen Copy number Koha item type
  Dewey Decimal Classification   Not For Loan Non-fiction Central Library, University of Rajshahi Central Library, University of Rajshahi Reading Room 15/04/1977 Heffer and sons 11.90   515.7302433 KLM 1973 28/12/2016 C-1 Books